000 00411nam a2200157Ia 4500
008 240729s9999 xx 000 0 und d
022 _a1687-9678
245 0 _aStem Cells International
260 _aUnited Kingdom
260 _bHindawi Limited
650 _a Internal medicine
650 _aMedicine
856 _uhttps://doaj.org/toc/0385621b664848319ad98ee8dbe38079
942 _2ddc
942 _cDOAJEJ
999 _c71706
_d71706
945 _a1
_bMadushi Gamage
_c1
_dMadushi Gamage